Slim trim & tasty / (Record no. 10415)
[ view plain ]
| 000 -LEADER | |
|---|---|
| fixed length control field | 00461nam a22001817a 4500 |
| 003 - CONTROL NUMBER IDENTIFIER | |
| control field | OSt |
| 005 - DATE AND TIME OF LATEST TRANSACTION | |
| control field | 20140310182209.0 |
| 008 - FIXED-LENGTH DATA ELEMENTS--GENERAL INFORMATION | |
| fixed length control field | 130905t xxu||||| |||| 00| 0 eng d |
| 020 ## - INTERNATIONAL STANDARD BOOK NUMBER | |
| International Standard Book Number | 1863432922 |
| 050 ## - LIBRARY OF CONGRESS CALL NUMBER | |
| Classification number | TX 837 |
| Item number | .C357 1997 |
| 082 ## - DEWEY DECIMAL CLASSIFICATION NUMBER | |
| Classification number | HS 641.563 |
| Item number | C28 1997 |
| 100 ## - MAIN ENTRY--PERSONAL NAME | |
| Personal name | Cate, Andrew |
| 9 (RLIN) | 16654 |
| 245 ## - TITLE STATEMENT | |
| Title | Slim trim & tasty / |
| Statement of responsibility, etc | Andrew Cate |
| 300 ## - PHYSICAL DESCRIPTION | |
| Extent | 80 p. : |
| Other physical details | col. ill. ; |
| Dimensions | 28 cm. |
| 650 ## - SUBJECT ADDED ENTRY--TOPICAL TERM | |
| Topical term or geographic name as entry element | Recipe |
| 9 (RLIN) | 16655 |
| 942 ## - ADDED ENTRY ELEMENTS (KOHA) | |
| Source of classification or shelving scheme | Library of Congress Classification |
| Koha item type | |
| Withdrawn status | Lost status | Source of classification or shelving scheme | Damaged status | Home library | Current library | Shelving location | Date acquired | Total Checkouts | Full call number | Barcode | Date last seen | Copy number | Price effective from | Koha item type |
|---|---|---|---|---|---|---|---|---|---|---|---|---|---|---|
| Library of Congress Classification | Luxembourg Library | Luxembourg Library | 09/05/2013 | TX 837 .C357 1997 | 15530 | 09/05/2013 | 1 | 09/05/2013 | Books |